| 000 | 00917nam a2200181 i 4500 | ||
|---|---|---|---|
| 001 | 152578 | ||
| 003 | ES-MaACL | ||
| 005 | 20230906204813.0 | ||
| 008 | 931025s1867 sp |||| | spa d | ||
| 100 | 1 |
_aBouvy, Pablo. _931091 |
|
| 245 | 1 | 0 |
_aEnsayo de una descripción geológica de la isla de Mallorca _b: comparada con las islas y el litoral de la cuenca occidental del Mediterraneo / _cpor Pablo Bouvy. |
| 260 |
_aPalma : _b[s.n.], _c1867 ( _fImp. de Felipe Guasp y Vicens) |
||
| 300 |
_a67 p.|b [1] h. pleg. de mapa, [2] h. pleg. de lám. ; _c21 cm. |
||
| 530 | _aDisponible también en sitio web. | ||
| 650 | 4 |
_aGeología- _zMallorca. _9142265 |
|
| 852 |
_aES-MaACL _jT-1105-F-3 _z-- Enc. hol. _z-- Legado de Federico de Botella y de Hornos _z-- Enc. en un vol. facticio |
||
| 856 |
_uhttp://bibliotecadigitalhispanica.bne.es:80/webclient/DeliveryManager?pid=1678951&custom_att_2=simple_viewer _zIr a la página |
||
| 999 |
_c152578 _d152578 |
||